000 00357nam a2200145Ia 4500
008 240729s9999 xx 000 0 und d
022 _a2504-3900
245 0 _aProceedings
260 _aSwitzerland
260 _bMDPI AG
650 _aGeneral Works
856 _uhttps://doaj.org/toc/d7c103a47c074401ae318debd94b1bc5
942 _2ddc
942 _cDOAJEJ
999 _c67864
_d67864
945 _a1
_bMadushi Gamage
_c1
_dMadushi Gamage